00319nam a2200121Ia 4500008004100000041000800041082001600049100001900065245004500084260003300129300002600162365000900188240624s9999 xx 000 0 und d aeng a338.91 RAM  aRAMALINGAM BEN aAID ON THE ADGE OF CHAOS RETHINKING INTE c2013aUnited KingdombOxford axxiii, 440 p.; 23 cm. cb38